<?xml version="1.0" encoding="UTF-8"?>
<record
    xmlns:xsi="http://www.w3.org/2001/XMLSchema-instance"
    xsi:schemaLocation="http://www.loc.gov/MARC21/slim http://www.loc.gov/standards/marcxml/schema/MARC21slim.xsd"
    xmlns="http://www.loc.gov/MARC21/slim">

  <leader>00428    a2200133   4500</leader>
  <controlfield tag="003">OSt</controlfield>
  <controlfield tag="005">20250725141126.0</controlfield>
  <controlfield tag="008">250725b        |||||||| |||| 00| 0 eng d</controlfield>
  <datafield tag="040" ind1=" " ind2=" ">
    <subfield code="c">Pandora</subfield>
  </datafield>
  <datafield tag="100" ind1=" " ind2=" ">
    <subfield code="a">Nettel Su&#xE1;rez, Guadalupe</subfield>
    <subfield code="9">1</subfield>
  </datafield>
  <datafield tag="245" ind1=" " ind2=" ">
    <subfield code="a">Cap&#xED;tulo IV</subfield>
    <subfield code="b">: la playa y la estanter&#xED;a</subfield>
    <subfield code="c">/ Guadalupe Nettel y Adolfo Castellano</subfield>
  </datafield>
  <datafield tag="773" ind1="0" ind2=" ">
    <subfield code="d">Madrid Anagrama 2023</subfield>
    <subfield code="t">El barco de teseo</subfield>
    <subfield code="a">Nettel Su&#xE1;rez, Guadalupe</subfield>
    <subfield code="w">2707</subfield>
  </datafield>
  <datafield tag="942" ind1=" " ind2=" ">
    <subfield code="2">ddc</subfield>
    <subfield code="n">0</subfield>
    <subfield code="c">MO</subfield>
  </datafield>
  <datafield tag="999" ind1=" " ind2=" ">
    <subfield code="c">5</subfield>
    <subfield code="d">5</subfield>
  </datafield>
  <datafield tag="952" ind1=" " ind2=" ">
    <subfield code="0">0</subfield>
    <subfield code="1">0</subfield>
    <subfield code="2">ddc</subfield>
    <subfield code="4">0</subfield>
    <subfield code="7">0</subfield>
    <subfield code="a">CPL</subfield>
    <subfield code="b">CPL</subfield>
    <subfield code="d">2025-07-25</subfield>
    <subfield code="l">1</subfield>
    <subfield code="m">4</subfield>
    <subfield code="o">SIDD-23</subfield>
    <subfield code="p">RV2025-0003</subfield>
    <subfield code="q">2025-10-03</subfield>
    <subfield code="r">2025-07-25 15:38:15</subfield>
    <subfield code="s">2025-07-25</subfield>
    <subfield code="w">2025-07-25</subfield>
    <subfield code="y">MO</subfield>
  </datafield>
</record>
